| 000 | 00787nam a22002297a 4500 | ||
|---|---|---|---|
| 999 |
_c11913 _d11913 |
||
| 003 | AR-CdUCM | ||
| 008 | 190405b ||||| |||| 00| 0 spa d | ||
| 040 |
_aMUNICIPALIDAD PROVINCIAL DEL CUSCO _cBIBLIOTECA MUNICIPAL DEL CUSCO |
||
| 082 |
_a344 / _bP13 / 1868 |
||
| 100 |
_aPacheco, Joaquin Francisco _929524 |
||
| 245 | _aEstudios de derecho penal / | ||
| 260 |
_aMadrid : _bEl Ateneo, _c1868. |
||
| 300 |
_a363 paginas ; _c22 cm. |
||
| 505 | _aContenido : Del derecho de penar -- Sistema de la utilidad -- De la ley -- División de los delitos -- Delitos públicos... | ||
| 650 |
_aDelitos religiosos _929525 |
||
| 650 |
_aJuciios _929526 |
||
| 650 |
_aCrimen _916814 |
||
| 650 |
_aPenas _928474 |
||
| 650 |
_aCondenas _929527 |
||
| 942 |
_2ddc _cLIBROS |
||
| 945 |
_awnts _d2019-04-05 |
||